[Event "World op"]
[Site "Philadelphia"]
[Date "1992.??.??"]
[Round "3"]
[White "Sherzer, Alex"]
[Black "Goldin, Alexander"]
[Result "1-0"]
[WhiteElo "2460"]
[BlackElo "2595"]

1.e4 e5 2.Nf3 Nc6 3.Bb5 a6 4.Ba4 d6 5.c3 Bd7 6.d4 Nge7 7.Bg5 h6 8.Bh4 g5
9.Bg3 Bg7 10.dxe5 dxe5 11.Na3 Ng6 12.h3 b5 13.Bb3 Na5 14.Nc2 Nxb3 15.axb3 Nf4
16.Bxf4 exf4 17.b4 O-O 18.O-O Bc6 19.Qxd8 Rfxd8 20.Rfe1 Re8 21.Nd2 Rad8 22.Re2 f5
23.f3 fxe4 24.fxe4 Bb7 25.Rae1 Rd3 26.Nb3 Bc8 27.Nc5 Rg3 28.Kf2 Rd8 29.e5 g4
30.h4 Rxg2+ 31.Kxg2 f3+ 32.Kg3 fxe2 33.Rxe2 h5 34.Nd4 Rd5 35.Kf4 Rd8 36.e6 Bxd4
37.cxd4 Rxd4+ 38.Ke5 Rd1 39.Kf6 Kf8 40.Ne4 Rf1+ 41.Ke5 Bb7 42.Ng3 Rf3 43.Nf5 g3
44.Rd2 Ke8 45.e7 Rxf5+ 46.Kxf5 Kxe7 47.Rd3 g2 48.Rg3 Kd6 49.Rg6+ Kd5 50.Rxg2 Kc4
51.Rg3 Kxb4 52.Kg5 c5 53.Kxh5 c4 54.Kg5 Be4 55.h5 a5 56.Kf4 Bb1 57.h6 a4
58.Ke5 Kc5 59.Rg7 Kb4 60.Kd4 Bd3 61.h7 Bxh7 62.Rxh7 Kb3 63.Rb7 Kxb2 64.Rxb5+ Kc2
65.Kxc4 a3 66.Rh5  1-0

[Event "World op"]
[Site "Philadelphia"]
[Date "1992.??.??"]
[Round "4"]
[White "Goldin, Alexander"]
[Black "Bouzoukis, Charles"]
[Result "1-0"]
[WhiteElo "2595"]
[BlackElo "2250"]

1.d4 d5 2.c4 e6 3.Nf3 c6 4.Qc2 Nf6 5.g3 Be7 6.Bg2 O-O 7.O-O Nbd7 8.Nbd2 b6
9.e4 Bb7 10.e5 Ne8 11.b3 Rc8 12.Bb2 c5 13.Rac1 Qc7 14.cxd5 Bxd5 15.Ne4 Qb7
16.Rfe1 h6 17.Qe2 Nc7 18.Nfd2 Rfd8 19.Nc4 Ne8 20.Qg4 cxd4 21.Bxd4 Nc5 22.Ned6 Bxd6
23.Bxd5 Qxd5 24.Nxd6 Rc6 25.Bxc5 Rxc5 26.Qh4 Rxc1 27.Rxc1 Qd2 28.Qxd8 Qxc1+
29.Kg2 Qc6+ 30.Kh3 Kf8 31.b4 a6 32.a4 b5 33.axb5 axb5 34.Kh4 f6 35.Qxe8+ Qxe8
36.Nxe8 Kxe8 37.exf6 g6 38.g4  1-0

[Event "Philadelphia opI"]
[Site "Philadelphia"]
[Date "1992.??.??"]
[Round "4"]
[White "Goldin, Alexander"]
[Black "Ivanov, Igor V"]
[Result "1/2-1/2"]
[WhiteElo "2595"]
[BlackElo "2465"]

1.d4 Nf6 2.c4 g6 3.g3 Bg7 4.Bg2 O-O 5.Nc3 c5 6.d5 e6 7.Nf3 exd5 8.cxd5 d6
9.O-O Re8 10.Nd2 a6 11.a4 Nbd7 12.Nc4 Ne5 13.Nxe5 Rxe5 14.Bf4 Re8 15.Qc2 Nh5
16.Bd2 Bd7 17.a5 Rc8 18.Rfe1 Bg4 19.h3 Bf5 20.e4 Bd7 21.g4 Nf6 22.Bf4 h5
23.g5 Nh7 24.h4 Qc7 25.Qd2 Nf8 26.Ra3 Bb5 27.Rb3 c4 28.Ra3 Nd7 29.Nxb5 axb5
30.Qb4 Nc5 31.Bf1 Qd7 32.Bh3 Qc7 33.Bxc8 Qxc8 34.Qxb5 Rxe4 35.Rxe4 Nxe4 36.Kg2 Qf5
37.Rf3 Qc8 38.Bg3 Nxg3 39.fxg3 Be5 40.a6 bxa6 41.Qc6 Qb8 42.Qd7 Qf8 43.Rf2 a5
44.Qc6 Qb8 45.Qxc4 Kg7 46.b3 Qb6 47.Qd3 Bd4 48.Rf4 Be5 49.Rc4 Qb5 50.Qf3 Qb7
51.g4 hxg4 52.Rxg4 Qc8 53.Rc4 Qb7 54.Rc2 Qd7 55.Ra2 Qb5 56.Rf2 Qb7 57.Qd3 Qd7
58.Qe4 Qa7 59.Rf3 Qb6 60.Rf1 Qa7  1/2-1/2

[Event "Philadelphia opI"]
[Site "Philadelphia"]
[Date "1992.??.??"]
[Round "5"]
[White "Goldin, Alexander"]
[Black "Fedorov, Vladislav"]
[Result "1-0"]
[WhiteElo "2595"]
[BlackElo "2395"]

1.Nf3 Nf6 2.g3 g6 3.Bg2 Bg7 4.O-O O-O 5.d4 c5 6.c4 cxd4 7.Nxd4 Nc6 8.Nc3 Nxd4
9.Qxd4 d6 10.Qd3 Be6 11.Rb1 Nd7 12.b3 Nc5 13.Qd2 Bf5 14.e4 Bd7 15.Bb2 a6
16.Rfd1 Bc6 17.Qe3 e6 18.Rd2 Qe7 19.b4 Nd7 20.f4 b5 21.Rbd1 bxc4 22.Rxd6 Rfc8
23.e5 Nb8 24.Qc5 Qe8 25.Qb6 Nd7 26.Bxc6 Rxc6 27.Qxc6  1-0

[Event "World op"]
[Site "Philadelphia"]
[Date "1992.??.??"]
[Round "5"]
[White "Byrne, Robert E"]
[Black "Goldin, Alexander"]
[Result "0-1"]
[WhiteElo "2455"]
[BlackElo "2595"]

1.e4 c5 2.Nf3 Nc6 3.d4 cxd4 4.Nxd4 Nf6 5.Nc3 d6 6.Bg5 Bd7 7.Bxf6 gxf6 8.Nf5 Qa5
9.Qh5 e6 10.Ng3 Qe5 11.O-O-O a6 12.Kb1 b5 13.Bd3 Be7 14.Rhf1 Qxh5 15.Nxh5 Rg8
16.g3 Rg5 17.Be2 b4 18.Na4 Rb8 19.f4 Ra5 20.b3 Na7 21.Nb2 Bb5 22.Nc4 Bxc4
23.bxc4 Nc6 24.f5 e5 25.Rd5 Ra3 26.Bd3 Rc8 27.Ka1 Na5 28.c5 Rxc5 29.Rxc5 dxc5
30.Bxa6 Kd7 31.Rd1+ Kc6 32.Bc8 Re3 33.Rd7 Re1+ 34.Kb2 Nc4+ 35.Kb3 Nb6  0-1

[Event "Philadelphia opI"]
[Site "Philadelphia"]
[Date "1992.??.??"]
[Round "6"]
[White "Fishbein, Alexander"]
[Black "Goldin, Alexander"]
[Result "1/2-1/2"]
[WhiteElo "2495"]
[BlackElo "2595"]

1.e4 e5 2.Nf3 Nc6 3.Bb5 a6 4.Ba4 d6 5.Bxc6+ bxc6 6.d4 exd4 7.Qxd4 c5 8.Qd3 g6
9.O-O Bg7 10.c4 Ne7 11.Nc3 O-O 12.Re1 Be6 13.b3 Nc6 14.Bg5 Ne5 15.Nxe5 Qxg5
16.Nf3 Qd8 17.Rad1 Re8 18.h3 a5 19.Nh2 Qd7 20.f4 Bd4+ 21.Kh1 f5 22.Nf3 Bxc3
23.Qxc3 fxe4 24.Ng5 Bf5 25.g4 h6 26.gxf5 Qxf5 27.Rg1 e3 28.Nf3 Qxh3+ 29.Nh2 Kh7
30.Rde1 Re6 31.f5 Qxf5 32.Rxe3 Rxe3 33.Qxe3 Rg8 34.Rf1 Qd7 35.Qf4 h5 36.Nf3 Kg7
37.Ng5 Re8 38.Qf6+ Kh6 39.Rg1 Qf5 40.Qxf5 gxf5 41.Nh3 a4 42.Nf4 axb3 43.axb3 Re4
44.Nd3 Rh4+ 45.Kg2 Rg4+ 46.Kf2 Rxg1 47.Kxg1 Kg5 48.b4 cxb4 49.Nxb4 c5 50.Nd5 f4
51.Kf2 h4 52.Kf3 h3 53.Nxf4 h2 54.Nh3+ Kf5 55.Nf2 Ke5 56.Ke3  1/2-1/2

[Event "World op"]
[Site "Philadelphia"]
[Date "1992.??.??"]
[Round "6"]
[White "Goldin, Alexander"]
[Black "Orlov, Georgi"]
[Result "1/2-1/2"]
[WhiteElo "2595"]
[BlackElo "2500"]

1.d4 Nf6 2.c4 d6 3.Nc3 Nbd7 4.Nf3 e5 5.e4 Be7 6.Be2 O-O 7.O-O c6 8.Qc2 Re8
9.Rd1 Qc7 10.h3 a6 11.a3 Nf8 12.Be3 Ng6 13.Rac1 h6 14.b4 exd4 15.Nxd4 Bf8
16.Nf5 Be6 17.Bd4 Nd7 18.Qd2 Rad8 19.f4 Nb6 20.Nd5 Nxd5 21.cxd5 Bxf5 22.exf5 Ne7
23.dxc6 Nxf5 24.cxb7 Qxb7 25.Bf2 d5 26.Bg4 Ne7 27.f5 h5 28.Bxh5 Nxf5 29.Bf3 Re5
30.g4 Ne7 31.Rc5 Re6 32.Bxd5 Nxd5 33.Rxd5 Rde8 34.Qd3 Be7 35.Re1 Bh4 36.Bxh4 Rxe1+
37.Bxe1 Rxe1+ 38.Kf2 Re8 39.Qf3 Qc7 40.Kg2 Qc2+ 41.Kg3 Qc1 42.Rd1 Qc7+ 43.Kg2 Re6
44.Rd2 Qe7 45.Rf2 Re3 46.Qa8+ Kh7 47.Qd5 Qh4 48.Qf5+ Kh8 49.Qc8+ Kh7 50.Qf5+ Kh8  1/2-1/2

[Event "World op"]
[Site "Philadelphia"]
[Date "1992.??.??"]
[Round "7"]
[White "Khmelnitsky, Igor N"]
[Black "Goldin, Alexander"]
[Result "0-1"]
[WhiteElo "2475"]
[BlackElo "2595"]

1.e4 c5 2.c3 d6 3.d4 Nf6 4.dxc5 Nc6 5.Bc4 Nxe4 6.Bxf7+ Kxf7 7.Qh5+ Kg8 8.Qd5+ e6
9.Qxe4 d5 10.Qe3 b6 11.cxb6 axb6 12.Ne2 Bc5 13.Qg5 Qf6 14.O-O Ba6 15.Qxf6 gxf6
16.Re1 Kf7 17.b4 Bd6 18.a4 Bb5 19.Be3 Bxa4 20.Bxb6 Bb5 21.Ra3 Bd3 22.Nd4 Nxd4
23.Bxd4 Rxa3 24.Nxa3 Ra8 25.Ra1 Ra4 26.Be3 Be5 27.Bd4 Bxd4 28.cxd4 Rxb4 29.f3 e5
30.dxe5 fxe5 31.Ra2 Ra4 32.Ra1 Ke6 33.Kf2 d4 34.Ke1 Kd5 35.Kd2 Bg6 36.Kd1 h5
37.h4 Bf5 38.Kd2 e4 39.fxe4+ Bxe4 40.g3 Bg6 41.Ke2 Ra8 42.Kd2 Rb8 43.Ra2 Rb3
44.Nc2 Rd3+ 45.Ke2 Rxg3 46.Ne1 Rb3 47.Nf3 Bd3+ 48.Kf2  0-1

[Event "World op"]
[Site "Philadelphia"]
[Date "1992.??.??"]
[Round "8"]
[White "Goldin, Alexander"]
[Black "Browne, Walter S"]
[Result "1-0"]
[WhiteElo "2595"]
[BlackElo "2530"]

1.d4 Nf6 2.c4 e6 3.Nf3 b6 4.g3 Ba6 5.b3 Bb7 6.Bg2 Bb4+ 7.Bd2 a5 8.O-O O-O
9.Qc2 h6 10.Rd1 d5 11.cxd5 Nxd5 12.a3 Be7 13.e4 Nf6 14.Nc3 Na6 15.Bf4 Qc8
16.Ne5 Rd8 17.Nc4 Nh5 18.Be3 Nf6 19.h3 Rd7 20.Rd2 Qe8 21.Rad1 Rb8 22.g4 Qf8
23.Ra1 Ba8 24.Bf4 b5 25.Nxa5 Bxa3 26.Be5 Ne8 27.Bf1 Qb4 28.Nxb5 Bxe4 29.Qxe4 Qxd2
30.Rxa3 Nb4 31.Ra4 Nd6 32.Bxd6 cxd6 33.Nc4 Qg5 34.Rxb4 Rxb5 35.h4  1-0

[Event "Philadelphia opI"]
[Site "Philadelphia"]
[Date "1992.??.??"]
[Round "8"]
[White "Goldin, Alexander"]
[Black "Rohde, Michael A"]
[Result "1/2-1/2"]
[WhiteElo "2595"]
[BlackElo "2585"]

1.d4 Nf6 2.c4 e6 3.Nf3 Bb4+ 4.Bd2 a5 5.g3 d6 6.Bg2 Nbd7 7.O-O e5 8.Nc3 O-O
9.a3 Bxc3 10.Bxc3 e4 11.Nd2 Re8 12.e3 d5 13.f3 exf3 14.Qxf3 c6 15.g4 h6 16.h4 Qe7
17.g5 hxg5 18.hxg5 Nh7 19.g6 fxg6 20.cxd5 Ndf6 21.dxc6 bxc6 22.Rae1 Bd7 23.Qg3 g5
24.e4 Nh5 25.Qh2 Nf4 26.Nf3 Rf8 27.Ne5 Rf6 28.Qg3 Rh6 29.Rf2 Bh3 30.Ng6 Rxg6
31.Bxh3 Nxh3+ 32.Qxh3 g4 33.Qh5 Rh6 34.Qxg4 Rh4 35.Qg2 Ng5 36.Re3 Qd7 37.Rf5 Rxe4
38.Rxg5 Rxe3 39.d5 Re7 40.dxc6 Qd1+ 41.Kh2 Re2 42.Rxg7+ Kf8 43.Rg8+ Ke7 44.Rg7+ Ke6
45.Rg6+ Ke7 46.Rg7+ Kd8 47.Rd7+ Qxd7 48.cxd7 Rxg2+ 49.Kxg2 a4 50.Kf3 Kxd7
51.Ke4 Kc6 52.Kd3 Kb5 53.Bf6 Kc5 54.Bc3 Rd8+ 55.Kc2 Kc4 56.Bg7 Rg8 57.Bf6 Rg2+
58.Kc1 Rf2 59.Bc3 Rf1+ 60.Kd2 Rh1 61.Bg7  1/2-1/2

[Event "World op"]
[Site "Philadelphia"]
[Date "1992.??.??"]
[Round "9"]
[White "Goldin, Alexander"]
[Black "Kaidanov, Grigory S"]
[Result "0-1"]
[WhiteElo "2595"]
[BlackElo "2550"]

1.d4 d5 2.c4 e6 3.Nf3 Nf6 4.Nc3 c6 5.g3 Nbd7 6.Bg2 dxc4 7.a4 Bb4 8.O-O O-O
9.Qc2 Qa5 10.Bf4 Nd5 11.Bd2 N5f6 12.e4 e5 13.d5 Re8 14.dxc6 bxc6 15.Na2 Bxd2
16.Nxd2 Nb6 17.Nc3 Be6 18.Rfd1 Rad8 19.Nf3 Nfd7 20.Qd2 Nc8 21.Qe3 f6 22.Bf1 Nc5
23.Nd2 Rd4 24.Nf3 Nb3 25.Rab1 Red8 26.Nxd4 exd4 27.Qe1 dxc3 28.Rxd8+ Qxd8
29.Qxc3 Qd4 30.Qc2 Qd2 31.Qxd2 Nxd2 32.Rd1 Nxf1 33.Kxf1 Kf7 34.Ke2 Ke7 35.Kd2 a5
36.Kc2 Nb6 37.f3 c5 38.Re1 Bd7 39.e5 Bxa4+ 40.Kd2 fxe5 41.Rxe5+ Kd6 42.Rg5 g6
43.h4 Be8 44.Rg4 Bd7 45.Rf4 Bf5 46.h5 c3+ 47.bxc3 Ke5 48.hxg6 hxg6 49.Rh4 a4
50.Kc1 a3 51.Rh2 Nc4 52.Re2+ Kd5 53.g4 Bd3 54.Re8 Nb6 55.Rb8 Kc6 56.f4 Kc7
57.Re8 Kb7 58.Rh8 Na4 59.Rh2 Nxc3 60.Rh3 c4 61.Kd2 Nb1+ 62.Kc1 c3 63.Rh2 Nd2  0-1

[Event "Philadelphia opI"]
[Site "Philadelphia"]
[Date "1992.??.??"]
[Round "9"]
[White "Khmelnitsky, Igor N"]
[Black "Goldin, Alexander"]
[Result "1/2-1/2"]
[WhiteElo "2475"]
[BlackElo "2595"]

1.e4 c5 2.c3 d6 3.d4 Nf6 4.f3 cxd4 5.cxd4 g6 6.Nc3 Bg7 7.Be3 Nc6 8.Nge2 a6
9.Qd2 h5 10.Nc1 O-O 11.h3 e5 12.d5 Nd4 13.N1e2 Nxe2 14.Bxe2 Nh7 15.g4 Bf6
16.O-O-O h4 17.Kb1 Bg5 18.Rc1 Bd7 19.Nd1 Rc8 20.Rxc8 Bxc8 21.Bxg5 Qxg5 22.Qxg5 Nxg5
23.Ne3 Bd7 24.Ng2 Kg7 25.Kc2 Bb5 26.Bd1 Kf6 27.Kd2 Rh8 28.Ke3 Ke7 29.Kf2 a5
30.Ke3 Kf6 31.Kf2 Ke7 32.a3 Bd7 33.Bc2 Bb5 34.Bb1 Kd7 35.Ke3 Kc7 36.f4 exf4+
37.Kxf4 f6 38.Ke3 Nf7 39.Nf4 Ne5 40.Bd3 Bd7 41.Rf1 Re8 42.Kd4 g5 43.Rc1+ Kd8
44.Ng2 Ke7 45.Be2 Rc8 46.Rxc8 Bxc8 47.Ne3 Kd8 48.b3 Kc7 49.Nc4 b6 50.Nxe5 fxe5+  1/2-1/2

[Event "Tilburg"]
[Site "Tilburg"]
[Date "1992.??.??"]
[Round "1"]
[White "De Firmian, Nick E"]
[Black "Goldin, Alexander"]
[Result "0-1"]
[WhiteElo "2560"]
[BlackElo "2575"]

1.e4 e5 2.Nf3 Nc6 3.Bb5 a6 4.Ba4 d6 5.d4 b5 6.Bb3 Nxd4 7.Nxd4 exd4 8.c3 dxc3
9.Qh5 g6 10.Qd5 Be6 11.Qc6+ Bd7 12.Qxc3 Qf6 13.Qc2 Bg7 14.O-O Rc8 15.Nc3 Ne7
16.Be3 b4 17.Na4 O-O 18.Bc4 Qe5 19.Rae1 Qa5 20.b3 Bb5 21.f4 Bxc4 22.bxc4 f5
23.e5 dxe5 24.fxe5 Nc6 25.e6 Rce8 26.Rd1 Qe5 27.Bc5 Qxe6 28.Bxf8 Bxf8 29.Kh1 a5
30.Nb2 Bg7 31.Nd3 Bc3 32.c5 g5 33.Qa4 f4 34.h3 Rf8 35.Nf2 f3 36.Qb3 Qxb3
37.axb3 fxg2+ 38.Kxg2 Nd4 39.Ne4 Rxf1 40.Kxf1 Nxb3 41.Rd8+ Kf7 42.Rd7+ Ke6
43.Rxc7 Kd5 44.c6 Be5 45.Re7 Bf4 46.c7 Bxc7 47.Rxc7 Kxe4 48.Rxh7 Kd3 49.Ra7 Nd2+
50.Kf2 Nc4 51.Rg7 b3 52.Rxg5 b2 53.Rb5 a4  0-1

[Event "Tilburg"]
[Site "Tilburg"]
[Date "1992.??.??"]
[Round "1"]
[White "Goldin, Alexander"]
[Black "Jussupow, Artur"]
[Result "1/2-1/2"]
[WhiteElo "2575"]
[BlackElo "2640"]

1.d4 d5 2.c4 c6 3.Nf3 Nf6 4.Qc2 g6 5.Bf4 dxc4 6.Qxc4 Bg7 7.e3 O-O 8.Be2 Be6
9.Qc1 Nbd7 10.O-O c5 11.Nc3 Nd5 12.Rd1 Rc8 13.Nxd5 Bxd5 14.dxc5 Nxc5 15.Bc4 Nd3
16.Rxd3 Rxc4 17.Qd2 e6 18.Be5 Qc8 19.Bxg7 Kxg7 20.Ne1  1/2-1/2

[Event "Tilburg"]
[Site "Tilburg"]
[Date "1992.??.??"]
[Round "2"]
[White "Goldin, Alexander"]
[Black "De Firmian, Nick E"]
[Result "1/2-1/2"]
[WhiteElo "2575"]
[BlackElo "2560"]

1.Nf3 c5 2.c4 Nc6 3.Nc3 e5 4.g3 g6 5.Bg2 Bg7 6.O-O d6 7.d3 Nge7 8.Ne1 Be6
9.Nc2 d5 10.cxd5 Nxd5 11.Ne4 b6 12.Ng5 Bc8 13.Ne3 Nde7 14.a3 a5 15.Ne4 O-O
16.Nc3 Be6 17.Nc4 Rb8 18.a4 f5 19.Bg5 Qd7 20.Bxe7 Nxe7 21.Qb3 Rfd8 22.Rad1 Qe8
23.Nb5 Rd7 24.Qc2 Nd5 25.Qc1 Qe7 26.Rfe1 Bf7 27.b3 Qe6 28.e3 Nb4 29.Qb1 Qf6
30.Rd2 Rbd8 31.Red1 Qe6 32.Bh3 Qf6 33.Bf1 h5 34.Qb2 h4 35.f4 Bxc4 36.dxc4 Qe7
37.Rxd7 Rxd7 38.Rxd7 Qxd7 39.fxe5 Nc6 40.Qg2 Nxe5 41.Qd5+ Qxd5 42.cxd5 hxg3
43.hxg3 Bh6 44.Nd6 Bxe3+ 45.Kg2 Bg5 46.Nc4 Nd7 47.g4 Kf7 48.gxf5 gxf5 49.Nd6+ Kf6
50.Bb5 Ne5 51.Nc4 Nxc4 52.bxc4 Ke5 53.Kf3 Kd4 54.d6  1/2-1/2

[Event "Tilburg rapid"]
[Site "Tilburg"]
[Date "1992.??.??"]
[Round "3"]
[White "Jussupow, Artur"]
[Black "Goldin, Alexander"]
[Result "1-0"]
[WhiteElo "2640"]
[BlackElo "2575"]

1.d4 d5 2.Nf3 Nf6 3.e3 c5 4.Nbd2 Nc6 5.c3 cxd4 6.exd4 Bf5 7.Be2 e6 8.Nf1 Bd6
9.Ng3 Bg6 10.O-O O-O 11.Nh4 Nd7 12.Nxg6 hxg6 13.Bd3 Qh4 14.f4 f5 15.Rf3 Nf6
16.Nf1 Ne4 17.g3 Qf6 18.h4 a6 19.Kg2 b5 20.a3 Rab8 21.Nh2 a5 22.Re3 b4 23.axb4 axb4
24.Bxe4 fxe4 25.Ra6 Rfc8 26.Qa4 Nxd4 27.Rxd6 Nf5 28.Ng4 Qf8 29.Rd7 Nxe3+
30.Bxe3 bxc3 31.bxc3 Rb2+ 32.Kh3 e5 33.Qa6 Rxc3 34.Qxg6  1-0

[Event "Tilburg rapid"]
[Site "Tilburg"]
[Date "1992.??.??"]
[Round "4"]
[White "Goldin, Alexander"]
[Black "Jussupow, Artur"]
[Result "0-1"]
[WhiteElo "2575"]
[BlackElo "2640"]

1.c4 e5 2.Nc3 Nc6 3.g3 g6 4.Bg2 Bg7 5.Rb1 f5 6.d3 d6 7.b4 Nf6 8.b5 Ne7 9.Qb3 O-O
10.e3 Kh8 11.Nge2 g5 12.f4 gxf4 13.exf4 Ng6 14.O-O a6 15.a4 axb5 16.axb5 Qe7
17.Kh1 h5 18.fxe5 dxe5 19.Bg5 Qd6 20.Qb4 Qxb4 21.Rxb4 Nh7 22.Be3 Rd8 23.Nd5 Ra3
24.Rd1 f4 25.Bc1 Ra1 26.Bf3 c6 27.bxc6 bxc6 28.Ndc3 Bg4 29.Be4 f3 30.Ng1 f2
31.Nge2 Ng5 32.Bg2 Nh3 33.Rb7 e4 34.Rxg7 Kxg7 35.Bxe4 Ng1 36.Rxg1 fxg1=Q+
37.Kxg1 Ne5 38.Kg2 Nxd3 39.Bg5 Rd7 40.Bxc6 Rf7 41.Nf4 Rc1 42.Ne4 Rc2+ 43.Kf1 Bh3+  0-1

[Event "Berliner Sommer"]
[Site "Berlin"]
[Date "1993.??.??"]
[Round "?"]
[White "Kalinitschew, Sergey"]
[Black "Goldin, Alexander"]
[Result "0-1"]
[WhiteElo "2480"]
[BlackElo "2540"]

1.d4 Nf6 2.Nf3 e6 3.c4 b6 4.Nc3 Bb7 5.a3 d5 6.cxd5 exd5 7.g3 Be7 8.Bg2 O-O
9.O-O Nbd7 10.Bf4 c5 11.Ne5 Nxe5 12.Bxe5 c4 13.Bxf6 Bxf6 14.e3 Qd7 15.b3 b5
16.Qh5 Rfd8 17.bxc4 bxc4 18.Rfb1 Bc6 19.Rb2 g6 20.Qf3 Be7 21.h4 Qc7 22.Qe2 Qa5
23.Qc2 Rab8 24.h5 Kg7 25.Rxb8 Rxb8 26.e4 dxe4 27.Bxe4 Bxe4 28.Nxe4 Qd5 29.Rd1 Bxa3
30.Ra1 Rb3 31.hxg6 hxg6 32.Rd1 Rb2 33.Qc3 Qxe4 34.Qxa3 Rb1 35.Rxb1 Qxb1+
36.Kh2 Qe1 37.Kg2 c3 38.d5 Qd2 39.Qxa7 c2 40.Qa1+ Kh7 41.Qf6 Qh6  0-1

[Event "Berliner Sommer"]
[Site "Berlin"]
[Date "1993.??.??"]
[Round "?"]
[White "Haub, Thorsten Michael"]
[Black "Goldin, Alexander"]
[Result "0-1"]
[WhiteElo "2310"]
[BlackElo "2540"]

1.e4 c5 2.b4 cxb4 3.a3 bxa3 4.d4 e6 5.c3 d5 6.e5 Nc6 7.Bd3 Bd7 8.Ne2 Nge7
9.Nxa3 Ng6 10.O-O Be7 11.Ng3 O-O 12.Qh5 Qa5 13.Ne2 Be8 14.Qh3 f5 15.exf6 Rxf6
16.Bg5 Rf7 17.Nb5 Qd8 18.Bxe7 Qxe7 19.Rfe1 Rf6 20.c4 dxc4 21.Bxc4 Bf7 22.Qg3 a6
23.Nbc3 Rd8 24.Qe3 Nb4 25.Rec1 Nd5 26.Qd2 Nxc3 27.Qxc3 Nf4 28.Qe3 Qd6 29.Nxf4 Rxf4
30.Rcb1 Rxd4 31.Be2 b5 32.h3 e5 33.Ra5 Rb8 34.Rba1 Rb6 35.Qc3 Bc4 36.Bf3 h6
37.Bg4 b4 38.Qg3 Bb5 39.Rb1 Rc6 40.Qb3+ Kh8 41.Rba1 Qc7 42.Qe3 Rc3 43.Qe1 Rd8
44.Be2 b3  0-1

[Event "Berliner Sommer"]
[Site "Berlin"]
[Date "1993.??.??"]
[Round "?"]
[White "Goldin, Alexander"]
[Black "Wahls, Matthias"]
[Result "1/2-1/2"]
[WhiteElo "2540"]
[BlackElo "2480"]

1.d4 Nf6 2.c4 e6 3.Nf3 Bb4+ 4.Bd2 Qe7 5.g3 Nc6 6.Nc3 O-O 7.Bg2 Bxc3 8.Bxc3 Ne4
9.Rc1 d6 10.d5 Nd8 11.dxe6 Nxe6 12.O-O Nxc3 13.Rxc3 Bd7 14.Nd2 Bc6 15.Bd5 a5
16.Re1 Nc5 17.Nb3 Ba4 18.Qd2 Bxb3 19.axb3 Kh8 20.Re3 Qf6 21.Ra1 c6 22.Bf3 Rae8
23.Rxe8 Rxe8 24.Rxa5 Nxb3 25.Qe3 Qd8 26.Qxb3 Qxa5 27.Qxb7 c5 28.Qxf7 Rb8
29.Be4 Qd8 30.Qf5 Qg8 31.Bd5 Qd8 32.Qc2 Qb6 33.Be4 Qxb2 34.Qd3 Re8 35.Kg2 Qe5
36.f3 g6 37.h4 Kg7 38.Qb3 Re7 39.Qb8 Qe6 40.Qb2+ Qe5 41.Qb8 Qf6 42.Bd3 Qe6
43.Qb2+ Qe5 44.Qb6 Qd4 45.Qd8 Rf7 46.Qb6 Rd7 47.Qb8 Re7 48.Qd8 Rf7 49.Qb6 Rd7
50.Qb8  1/2-1/2

[Event "Berliner Sommer"]
[Site "Berlin"]
[Date "1993.??.??"]
[Round "?"]
[White "Goldin, Alexander"]
[Black "Michaelsen, Nils"]
[Result "1-0"]
[WhiteElo "2540"]
[BlackElo "2435"]

1.d4 Nf6 2.c4 g6 3.g3 c6 4.Bg2 d5 5.Nf3 Bg7 6.O-O O-O 7.Qb3 a5 8.cxd5 a4
9.Qd1 cxd5 10.Nc3 Bd7 11.Ne5 e6 12.Bg5 h6 13.Bxf6 Bxf6 14.e4 dxe4 15.Nxe4 Ra7
16.Nxf6+ Qxf6 17.Qd2 h5 18.Qe3 Rd8 19.Rfc1 Be8 20.Rc7 Na6 21.Rxb7 Rxb7 22.Bxb7 Nc7
23.Be4 Qe7 24.a3 Nd5 25.Qd2 Qa7 26.Rd1 Kg7 27.h4 Bb5 28.Bf3 f6 29.Nd3 Bxd3
30.Qxd3 Ne7 31.Be4 Rd6 32.Qc4 e5 33.d5 Qd7 34.Bc2 Nxd5 35.Bxa4 Nb6 36.Rxd6 Qxd6
37.Qc6 Qb8 38.Bb3 g5 39.hxg5 fxg5 40.Qf3 h4 41.Qf7+ Kh6 42.Qf6+ Kh5 43.Bf7+ Kg4
44.Be6+  1-0

[Event "Berliner Sommer"]
[Site "Berlin"]
[Date "1993.??.??"]
[Round "?"]
[White "Goldin, Alexander"]
[Black "Golubev, Mihail"]
[Result "1/2-1/2"]
[WhiteElo "2540"]
[BlackElo "2500"]

1.d4 Nf6 2.c4 g6 3.g3 Bg7 4.Bg2 O-O 5.Nc3 d6 6.Nf3 Nbd7 7.O-O e5 8.e4 exd4
9.Nxd4 Re8 10.h3 a6 11.Re1 Rb8 12.Rb1 c5 13.Nc2 b5 14.cxb5 axb5 15.b4 Qc7
16.bxc5 Qxc5 17.Rb3 b4 18.Nb1 Bb7 19.Nxb4 Nxe4 20.Be3 Qa5  1/2-1/2

[Event "Berliner Sommer"]
[Site "Berlin"]
[Date "1993.??.??"]
[Round "?"]
[White "Arbakov, Valentin"]
[Black "Goldin, Alexander"]
[Result "1/2-1/2"]
[WhiteElo "2460"]
[BlackElo "2540"]

1.c4 e5 2.g3 Nf6 3.Bg2 Nc6 4.Nc3 Bb4 5.Nd5 Bc5 6.e3 d6 7.Ne2 Bg4 8.h3 Bh5
9.O-O Nxd5 10.cxd5 Ne7 11.g4 Bg6 12.d4 Bb6 13.a4 a5 14.dxe5 dxe5 15.b3 Nc8
16.Bb2 f6 17.d6 Nxd6 18.Ba3 Ne4 19.Qc2 Qd2 20.Qxd2 Nxd2 21.Bxb7 Rd8 22.Rfe1 Nxb3
23.Rad1 Bc5 24.Rxd8+ Kxd8 25.Bb2 Bc2 26.Kg2 Bb4 27.Nc3 Kd7 28.Bf3 c6 29.Bd1 Bxd1
30.Rxd1+ Kc7 31.Ne4 Nc5 32.Nxc5 Bxc5 33.Kf3 Rb8 34.Bc3 Bb4 35.Ba1 c5 36.g5 Kc6
37.gxf6 gxf6 38.Ke4 c4 39.Rc1 Kc5 40.f4 Bd2 41.Rc2 Rb1 42.Bxe5 fxe5 43.Rxd2 exf4
44.Rd5+ Kb6 45.Rd6+ Kb7 46.Rd7+ Kc6 47.Rxh7 Rd1 48.exf4 c3 49.Rh8 Kd7 50.Rh7+ Kd6
51.Rh6+ Kc5 52.Rh8 Kb4 53.Rb8+ Kxa4 54.Rc8 Kb3 55.Rb8+ Kc2 56.Ra8 a4 57.f5 Re1+
58.Kd5 Rf1 59.Ke4 Kd2  1/2-1/2

[Event "JUG-chT"]
[Site "Cetinje"]
[Date "1993.??.??"]
[Round "?"]
[White "Simic, Radoslav"]
[Black "Goldin, Alexander"]
[Result "1/2-1/2"]
[WhiteElo "2470"]
[BlackElo "2540"]

1.d4 Nf6 2.Nf3 e6 3.g3 b5 4.Qd3 b4 5.a3 c5 6.Bg2 Ba6 7.Qd1 Bb7 8.dxc5 Bxc5
9.axb4 Bxb4+ 10.c3 Be7 11.O-O O-O 12.Be3 Nd5 13.Bd4 Nc6 14.e4 Nb6 15.Be3 Qc7
16.Nbd2 f5 17.Bxb6 Qxb6 18.exf5 Rxf5 19.Nc4 Qc7 20.Ne3 Rf7 21.Nd4 Bc5 22.Qd2 Raf8
23.f4 Nxd4 24.cxd4 Bxg2 25.Kxg2 Bb6 26.Rad1 Qb7+ 27.Rf3 g5 28.Ng4 Rg7 29.d5 exd5
30.Qxd5+ Qxd5 31.Rxd5 gxf4 32.Nh6+ Kh8 33.Nf5 Rg4 34.h3 Rg5 35.Rxf4 Bc7 36.Rf3 Rf6
37.h4 Rg8 38.Rxd7 Bb6 39.Nd6 Rxf3 40.Kxf3 Rf8+ 41.Kg4 Kg8 42.Nf5 Rf6 43.Kg5 Re6
44.g4 Be3+ 45.Kh5 Re5 46.Rd3 Bb6 47.b3 Bc5 48.Rd8+ Bf8 49.Rb8 a5 50.Kg5 Re6
51.Rb5 Ra6 52.Rb8 a4 53.bxa4 Rxa4 54.Nh6+ Kg7 55.Kh5 Ra7 56.g5 Rc7 57.Ng4 Re7
58.Rc8 Rb7 59.Ra8 Be7 60.Nh6 Bf8 61.Kg4 Rb4+ 62.Kf3 Rb3+ 63.Kg4 Rb4+ 64.Kh5 Rb7
65.Rc8 Ra7 66.Rb8 Rc7 67.Ng4 Ra7 68.Rd8 Be7 69.Rc8 Bf8 70.Nf6 Be7 71.Ne8+ Kf7
72.Nc7 Ra5 73.Rh8 Kg7 74.Rb8 Ra7 75.Ne6+ Kf7 76.Nd4 Rd7 77.Nf5 Bf8 78.Nh6+ Kg7
79.Kg4 Ra7 80.Rb5 Ra4+ 81.Kh5 Ra7 82.Re5 Rb7 83.Ra5 Rc7 84.Ra8 Rb7 85.Ra6 Rc7
86.Nf5+ Kf7 87.Kg4 Rc4+ 88.Kf3 Rc3+ 89.Kg4 Rc4+ 90.Kh5 Rc7 91.Ne3 Rb7 92.Nd5 Bg7
93.Kg4 Rd7 94.Nf4 Be5 95.Ng2 Rd3 96.Kf5 Rg3 97.Ne1 Bd4 98.Rd6 Bc3 99.Nd3 Ke7
100.Rd5 Rf3+ 101.Nf4 Rf2 102.Kg4 Bd2 103.Nd3 Re2 104.Kh5 Ke6 105.Rd8 Kf7
106.Kh6 Re4 107.Ne5+ Ke6  1/2-1/2

[Event "JUG-chT"]
[Site "Cetinje"]
[Date "1993.??.??"]
[Round "?"]
[White "Goldin, Alexander"]
[Black "Ivanovic, Bozidar"]
[Result "1/2-1/2"]
[WhiteElo "2540"]
[BlackElo "2475"]

1.d4 d5 2.c4 c6 3.Nf3 Nf6 4.Nc3 e6 5.e3 Nbd7 6.Qc2 Bd6 7.g4 dxc4 8.g5 Nd5
9.Bxc4 Nxc3 10.bxc3 e5 11.a4 Qe7 12.h4 exd4 13.cxd4 Nb6 14.Be2 Nd5 15.Ne5 Bxe5
16.dxe5 Bg4 17.Bb2 Qb4+ 18.Kf1 Bxe2+ 19.Qxe2 Qe4 20.Rh2 h6 21.gxh6 Rxh6 22.h5 O-O-O
23.Bd4 c5 24.f3 Qh7 25.Bxc5 Rxh5 26.Rxh5 Qxh5 27.Bd6 Qh1+ 28.Kf2 Qh4+ 29.Kg2 Kd7
30.Rh1 Qc4 31.Qf2 Rc8 32.e4 Nf4+ 33.Kg3 Ne2+ 34.Kg2 Qa2 35.Qh4 Qe6 36.Rd1 Rc1
37.Rxc1 Nxc1 38.Qf2 Qa2 39.f4 Qxa4 40.Qf3 Qa2+ 41.Kh1 Qe6 42.Qc3 Qh6+ 43.Kg2 Qg6+
44.Kf2 Qg1+ 45.Kxg1 Ne2+ 46.Kf2 Nxc3 47.Ke3 a5 48.Kd3 Nb5 49.Bf8 g6 50.Bc5 a4
51.Kc4 Nc7 52.Be3 a3 53.Kb3 Nb5 54.f5 a2 55.Kb2 Nc3 56.e6+ fxe6 57.fxg6 Nxe4
58.g7 Nf6 59.Kxa2 Ng8 60.Kb3 Ke7 61.Kc4 Kf6 62.Kc5 e5 63.Kb6 Kxg7 64.Kxb7 Ne7
65.Bg5 Nf5 66.Kc6 Kg6 67.Kd5  1/2-1/2

[Event "JUG-chT"]
[Site "Cetinje"]
[Date "1993.??.??"]
[Round "?"]
[White "Nevednichy, Vladislav"]
[Black "Goldin, Alexander"]
[Result "0-1"]
[WhiteElo "2535"]
[BlackElo "2540"]

1.e4 c5 2.Nf3 Nc6 3.Bb5 g6 4.Bxc6 bxc6 5.O-O Bg7 6.Re1 f6 7.c3 Nh6 8.d4 cxd4
9.cxd4 d6 10.Nc3 Nf7 11.h3 O-O 12.Be3 Rb8 13.Qa4 Rxb2 14.Qxc6 f5 15.Qa4 fxe4
16.Nxe4 Qb6 17.Ned2 Rb4 18.Qa3 Bf5 19.Rac1 Rb8 20.Rc3 Bd7 21.Rb3 Rxb3 22.axb3 a6
23.Ra1 Bb5 24.Rc1 Nh6 25.Qa2 Nf5 26.b4+ Kh8 27.Qe6 Qb7 28.Ng5 Be8 29.d5 h6
30.Ngf3 Qd7 31.Qxd7 Bxd7 32.Rc7 Ba4 33.Ba7 Rxb4 34.g4 Nd4 35.Nxd4 Bxd4 36.Rxe7 Bxa7
37.Rxa7 Bb5 38.Re7 Kg8 39.Re6 Rd4 40.Nf3 Rxd5 41.Rxg6+ Kh7 42.Re6 a5 43.Nh4 a4
44.Re7+ Kg8 45.Ra7 Rd3 46.Nf5 a3 47.Nxd6 Rxd6 48.Rxa3 Kf7 49.Kg2 Kf6 50.Kg3 Ke5
51.Re3+ Kd4 52.Re7 Bd3 53.f4 Be4 54.f5 Ke3 55.Re6 Rxe6 56.fxe6 Bg6 57.h4  0-1